Countries by football is the most popular sport - Statistics

General Stats
  • This quiz has been taken 21 times
  • The average score is 17 of 25
Answer Stats
Country Pop. (M) % Correct
France 66
100%
Germany 83
100%
United Kingdom 69
100%
Brazil 213
93%
Italy 58
93%
Mexico 132
87%
Nigeria 242
87%
Colombia 53
80%
Egypt 120
80%
Russia 143
80%
Indonesia 287
73%
Türkiye 87
67%
South Africa 65
60%
Algeria 48
53%
DR Congo 116
53%
Iran 93
53%
Kenya 58
53%
South Korea 51
53%
Sudan 53
53%
Thailand 71
53%
Vietnam 102
53%
Ethiopia 138
47%
Tanzania 72
47%
Myanmar 55
40%
Uganda 52
20%
No matching quizzes found
Score Distribution
Percent of People with Each Score
Percentile by Number Answered
Your Score History
You have not taken this quiz